00412nam a2200145Ia 4500008004100000100002400041245002800065250000600093260001100099500002400110650002400134942000700158952008400165999001700249230524s9999 xx 000 0 und d aPaulo Coelho937863 4aThe Winner Stands Alone a1 bHarper aQuantity Number: 1 aMiscellaneous91877 cBK 00104070aTATCLbTATCLcGENd2023-05-24l0p47307r2023-05-24w2023-05-24yBK c52330d52330